000 00881nam a2200301 a 4500
003 AR-BaBNM
005 20251128204001.0
008 082120s2002 ||||||||||||||000 | spa||
040 _cAR-BaBNM
110 2 _aAcademia Argentina de Letras [Buenos Aires]
245 0 0 _aDiscursos académicos
_bdiscursos de recepción 1933-1937
_n1
260 _aBuenos Aires
_bAcademia Argentina de Letras
_c1945
300 _a333 p.
490 0 _aBiblioteca de la Academia Argentina de letras
500 _aIndice alfabético de autores al final del texto
650 4 _aLITERATURA ARGENTINA
650 4 _aHISTORIA ARGENTINA
650 4 _aDISCURSOS
650 4 _aVIDA LITERARIA
650 4 _aESCRITORES
650 4 _aBIOGRAFIAS
650 4 _aANTOLOGIAS
650 4 _aCRITICA LITERARIA
650 4 _aFILOSOFIA LITERARIA
655 _aLITERATURA
942 _cBK
998 _cCarmen
999 _c5708
_d5708